000 00328nam a22001337a 4500
008 170613b xxu||||| |||| 00| 0 eng d
020 _a9780966879506
041 _aeng
080 _a94(7/8)
100 _a19
101 _ashh
245 _aCITIZEN POWER STORIES AMERICANS NEW CIIVC SPIRIT
_cEPSTEIN.R
942 _2udc
_cBK
999 _c17068
_d17068